Introducción al mundo actual: seguido de la formación de la conciencia contemporánea
Spremljeno u:
| Glavni autor: | |
|---|---|
| Format: | Knjiga |
| Jezik: | španjolski |
| Izdano: |
Buenos Aires, Argentina
Galatea Nueva Visión
1956
|
| Teme: | |
| Oznake: |
Dodaj oznaku
Bez oznaka, Budi prvi tko označuje ovaj zapis!
|
MARC
| LEADER | 00000nam a2200000 a 4500 | ||
|---|---|---|---|
| 001 | UCO4090 | ||
| 003 | CL-VaPUC | ||
| 005 | 20230524144240.0 | ||
| 008 | 000728e19560000AG |||||||||||||||||spa|d | ||
| 999 | |c 290174 |d 290172 | ||
| 040 | |c Pontificia Universidad Católica de Valparaíso | ||
| 082 | 0 | 4 | |a 909.82001 ROM 1956 |2 21 |
| 100 | 0 | |a Romero, José Luis |e author |9 316760 | |
| 245 | 1 | 0 | |a Introducción al mundo actual: |b seguido de la formación de la conciencia contemporánea |
| 260 | |a Buenos Aires, Argentina |b Galatea Nueva Visión |c 1956 | ||
| 300 | |a 139 páginas | ||
| 583 | |a last modification |c 20000728 00:00:00 |k Rodrigo Vera | ||
| 650 | 0 | |a Historia contemporánea |9 343224 | |
| 650 | 0 | |a Historia de las ideas |9 420996 | |
| 650 | 0 | |a Conciencia histórica |9 448233 | |
| 942 | |c BK |2 ddc | ||
| 945 | |d 20000728 00:00:00 |a crobeson | ||
| 952 | |0 0 |1 0 |2 ddc |4 0 |6 909_820010000000000_ROM_1956 |7 0 |8 A |9 339446 |a BIBHIS |b BIBHIS |d 2019-11-20 |i 1210009 |l 1 |o 909.82001 ROM 1956 |p 1210009 |r 2025-01-20 |s 2024-11-13 |t 1 |w 2019-11-20 |y BK |k HIS | ||
| 952 | |0 0 |1 0 |2 ddc |4 0 |6 909_820010000000000_ROM_1956 |7 0 |8 A |9 339447 |a BIBHIS |b BIBHIS |d 2019-11-20 |i 1210017 |o 909.82001 ROM 1956 |p 1210017 |r 2025-01-20 |t 2 |w 2019-11-20 |y BK |k HIS | ||